[Event "Mechanics' Leighton Allen TNM; G/2"]
[Site "San Francisco"]
[Date "2015.08.10"]
[Round "2.16"]
[White "Rakonitz, David"]
[Black "Stearman, Josiah P"]
[Result "1/2-1/2"]
[WhiteElo "1613"]
[BlackElo "2130"]
[Annotator "Donaldson"]
[PlyCount "131"]
[EventDate "2015.??.??"]

1. d4 f5 2. Bg5 g6 3. e3 (3. c4 Bg7 4. Nc3 Nf6 5. Bxf6 Bxf6 6. e4) 3... Bg7 4.
c4 Nf6 5. Bxf6 (5. Nc3 O-O 6. Nf3 d6 7. Be2 Nbd7 8. O-O Nh5 9. Nd2) 5... Bxf6
6. Nc3 O-O 7. Nf3 d6 8. Qb3 Kh8 (8... Kg7) 9. Be2 Nd7 (9... c6) 10. Nd5 Bg7 11.
Ng5 Nf6 12. Nxf6 (12. Nf4) 12... Bxf6 13. Nf3 c6 14. O-O Qb6 (14... e5 15. dxe5
dxe5 16. Rfd1 Qc7 17. c5) 15. Qc2 c5 16. Rfd1 e5 17. dxe5 dxe5 18. Rab1 Be6 19.
b3 Rad8 20. Rxd8 Rxd8 21. Rd1 e4 22. Rxd8+ Qxd8 23. Nd2 g5 24. Nb1 Qa5 25. Kf1
Bf7 (25... Kg7) 26. Qd2 Qxd2 (26... Qc7) 27. Nxd2 Bc3 28. Ke1 Kg7 29. Kd1 Kf6
30. Kc2 Bb4 31. f3 Bg6 (31... exf3) 32. fxe4 fxe4 33. Bg4 Bf5 34. Bxf5 Kxf5 35.
Nf1 Ke5 36. Ng3 Be1 37. Nf1 h5 38. h3 g4 39. hxg4 h4 40. Kd1 Ba5 41. Ke2 Kf6
42. Kf2 Kg5 43. g3 h3 44. Nh2 Bd8 45. Nf1 Kxg4 46. Nh2+ Kf5 47. Nf1 Bg5 48. Nh2
a6 49. Nf1 Bf6 50. Kg1 Kg4 51. Kf2 h2 52. Nxh2+ Kh3 53. Nf1 Bc3 54. Ke2 b5 55.
Kf2 bxc4 56. bxc4 Ba5 57. Ke2 Bb4 58. Kf2 Bc3 59. Ke2 Kg4 60. Kf2 Kf5 61. Ke2
Ba5 62. Kf2 Bb4 63. Ke2 Bc3 64. Kf2 a5 65. a4 Kg4 66. Nh2+ 1/2-1/2

[Event "Mechanics' Fall TNM; G/2"]
[Site "San Francisco"]
[Date "2015.11.03"]
[Round "3.26"]
[White "Rakonitz, David"]
[Black "Tan, Jacky T"]
[Result "1-0"]
[WhiteElo "1628"]
[BlackElo "1112"]
[PlyCount "67"]
[EventDate "2015.??.??"]

1. d4 Nf6 2. Nf3 e6 3. c4 b6 4. a3 c5 5. d5 Ba6 6. e3 exd5 7. cxd5 Bxf1 8. Kxf1
Bd6 9. Nc3 O-O 10. e4 Re8 11. Qc2 Qe7 12. Bg5 h6 13. Bxf6 Qxf6 14. Re1 Be5 15.
Nxe5 Qxe5 16. g3 g5 17. f3 f5 18. Kg2 f4 19. g4 a6 20. h4 Re7 21. hxg5 hxg5 22.
Rh5 d6 23. Reh1 Nd7 24. Nb1 Ree8 25. Qc3 Qxc3 26. Nxc3 Kf8 27. Rxg5 Ke7 28. Rf5
b5 29. Rh7+ Kd8 30. Rxf4 b4 31. axb4 cxb4 32. Ne2 Rc8 33. Nd4 Ne5 34. Ne6+ 1-0

[Event "Mechanics' Fall TNM; G/2"]
[Site "San Francisco"]
[Date "2015.10.20"]
[Round "1.7"]
[White "Rakonitz, David"]
[Black "Walder, Michael S"]
[Result "0-1"]
[WhiteElo "1628"]
[BlackElo "2113"]
[Annotator "Donaldson"]
[PlyCount "70"]
[EventDate "2015.??.??"]

1. d4 Nf6 2. Nf3 e6 3. c4 c5 4. d5 exd5 5. cxd5 d6 6. Nc3 g6 7. e4 Bg7 8. Bd3
O-O 9. Bg5 (9. h3) 9... h6 10. Bh4 g5 11. Nxg5 $2 (11. Bg3) 11... hxg5 12. Bxg5
Re8 13. f3 {Diagram [#]} (13. O-O) 13... Nxe4 $1 14. Nxe4 Qxg5 15. O-O Bd4+ 16.
Kh1 Qh6 17. Nc3 Re5 18. Qc2 Na6 19. a3 Bd7 20. Rae1 Rae8 21. Rxe5 Rxe5 22. f4
Re7 23. Nb5 Bxb5 24. Bxb5 Nc7 25. Bc4 b5 26. Ba2 Qxf4 27. Qd1 Qh4 28. Qf3 f6
29. Qf5 Be5 30. g3 Bxg3 31. h3 Qe4+ 32. Qxe4 Rxe4 33. Rxf6 Be5 34. Rf2 c4 35.
Bb1 Re1+ 0-1

[Event "Mechanics' Spring TNM; G/2"]
[Site "San Francisco"]
[Date "2015.03.31"]
[Round "3.16"]
[White "Rand, Steven"]
[Black "Nelson, Christopher"]
[Result "1/2-1/2"]
[WhiteElo "2115"]
[BlackElo "1665"]
[PlyCount "83"]
[EventDate "2015.??.??"]

1. c4 f5 2. g3 Nf6 3. Bg2 e6 4. Nf3 c6 5. O-O Be7 6. d3 O-O 7. Nc3 d5 8. e4
fxe4 9. dxe4 dxe4 10. Ng5 Qc7 11. Qe2 h6 12. Ngxe4 Nbd7 13. Be3 Nxe4 14. Nxe4
e5 15. Rad1 Nf6 16. Rfe1 Be6 17. Nxf6+ Rxf6 18. a3 Raf8 19. Rd2 b6 20. Qd3 Rd8
21. Qc3 Rxd2 22. Bxd2 Bc5 23. Be3 Qd6 24. Bxc5 Qxc5 25. Qxe5 Qxf2+ 26. Kh1 Bxc4
27. Rc1 Re6 28. Qc3 Ba6 29. Qb3 Qe3 30. Qxe3 Rxe3 31. Bxc6 Re2 32. b4 Bd3 33.
Kg1 Be4 34. Bxe4 Rxe4 35. Kf2 Kf7 36. Rc7+ Re7 37. Rxe7+ Kxe7 38. Ke3 Ke6 39.
Ke4 g5 40. g4 b5 41. h3 a6 42. Kd4 1/2-1/2

[Event "Mechanics' Summer TNM; G/2"]
[Site "San Francisco"]
[Date "2015.07.07"]
[Round "7.21"]
[White "Raza, Aezed"]
[Black "Allen, Tom Carter"]
[Result "1/2-1/2"]
[WhiteElo "1697"]
[BlackElo "1491"]
[PlyCount "52"]
[EventDate "2015.??.??"]

1. d4 Nf6 2. c4 e5 3. dxe5 Ng4 4. Nf3 Bc5 5. e3 Nc6 6. a3 a5 7. Nc3 Ngxe5 8.
Be2 Nxf3+ 9. Bxf3 Ne5 10. Be2 Ra6 11. Ne4 Ba7 12. b3 Rg6 13. Ng3 d6 14. Bb2 O-O
15. Qc2 Qe7 16. O-O-O f5 17. Bh5 Rh6 18. Rd2 f4 19. exf4 Rxf4 20. Re1 Qg5 21.
Bxe5 dxe5 22. Bf3 Bxf2 23. Ne4 Rxe4 24. Rxe4 Be3 25. Qc3 Bxd2+ 26. Qxd2 Qxd2+
1/2-1/2

[Event "Mechanics' Summer TNM; G/2"]
[Site "San Francisco"]
[Date "2015.06.23"]
[Round "5.13"]
[White "Raza, Aezed"]
[Black "Krasnov, Steven"]
[Result "1/2-1/2"]
[WhiteElo "1697"]
[BlackElo "1977"]
[PlyCount "69"]
[EventDate "2015.??.??"]

1. d4 Nf6 2. c4 e6 3. Nc3 Bb4 4. Qc2 c5 5. a3 Bxc3+ 6. Qxc3 Na6 7. Nf3 b6 8.
Bg5 Bb7 9. Rd1 Ne4 10. Qc1 f6 11. Be3 Qe7 12. Nd2 Rc8 13. Nxe4 Bxe4 14. f3 cxd4
15. Bxd4 Bb7 16. Rd3 O-O 17. Rc3 e5 18. Bf2 Rc7 19. e4 Rfc8 20. b4 d5 21. exd5
Bxd5 22. c5 Nb8 23. Bd3 e4 24. fxe4 Bxe4 25. O-O Bxd3 26. Rxd3 Nd7 27. Qc4+ Kh8
28. Re1 Qf8 29. Bg3 Ne5 30. Bxe5 fxe5 31. Rxe5 bxc5 32. bxc5 h6 33. Rf3 Qd8 34.
Rfe3 Qf8 35. Rf3 1/2-1/2

[Event "Mechanics' Summer TNM; G/2"]
[Site "San Francisco"]
[Date "2015.06.02"]
[Round "2.12"]
[White "Raza, Aezed"]
[Black "Steger, Eric Alan"]
[Result "0-1"]
[WhiteElo "1697"]
[BlackElo "2007"]
[PlyCount "58"]
[EventDate "2015.??.??"]

1. d4 Nf6 2. c4 g6 3. Nc3 Bg7 4. e4 d6 5. Nf3 O-O 6. Be2 e5 7. O-O Nc6 8. d5
Nb8 9. b4 a5 10. Ba3 axb4 11. Bxb4 Nh5 12. Re1 Nf4 13. Bf1 Bg4 14. h3 Bd7 15.
Nb5 Na6 16. Qb3 Nxb4 17. Qxb4 b6 18. a4 f5 19. Nc3 fxe4 20. Nxe4 Nxh3+ 21. gxh3
Rxf3 22. Bg2 Rf4 23. a5 bxa5 24. Rxa5 Rb8 25. Qa3 Bf5 26. f3 Qh4 27. Qc3 Bxh3
28. c5 dxc5 29. Re2 Rb1+ 0-1

[Event "Mechanics' Winter TNM; 30/90, SD/30"]
[Site "San Francisco"]
[Date "2015.01.13"]
[Round "2.36"]
[White "Ren, Ling Feng"]
[Black "Donnelly, Patrick"]
[Result "0-1"]
[WhiteElo "1432"]
[BlackElo "1659"]
[Annotator "Donaldson"]
[PlyCount "48"]
[EventDate "2015.??.??"]

1. e4 c5 2. Nf3 d6 3. Nc3 Nc6 4. Bb5 a6 5. Ba4 $2 (5. Bxc6+) 5... b5 6. Nxb5
axb5 7. Bxb5 Qb6 8. a4 Ba6 9. Ra3 Bxb5 10. axb5 Rxa3 11. bxa3 Qxb5 12. d3 Nf6
13. O-O e6 14. Re1 Be7 15. c4 Qb7 16. Qa4 O-O 17. Be3 Ra8 18. Qc2 Rxa3 19. Rb1
Nb4 20. Qb2 Qa8 21. Bc1 Rxd3 22. Qe2 Qa2 23. Qxa2 Rd1+ 24. Ne1 Rxe1# 0-1

[Event "Mechanics' Winter TNM; 30/90, SD/30"]
[Site "San Francisco"]
[Date "2015.02.17"]
[Round "7.46"]
[White "Ren, Ling Feng"]
[Black "Morgan, Jerry"]
[Result "0-1"]
[WhiteElo "823"]
[BlackElo "1524"]
[PlyCount "36"]
[EventDate "2015.??.??"]

1. e4 Nf6 2. Nc3 e5 3. Nf3 Nc6 4. d4 Bb4 5. Bg5 exd4 6. Nxd4 Qe7 7. Nxc6 dxc6
8. Qd4 Qxe4+ 9. Qxe4+ Nxe4 10. Bd2 Nxd2 11. Kxd2 O-O 12. Rd1 Be6 13. a3 Rfd8+
14. Bd3 Ba5 15. Kc1 Bxc3 16. bxc3 c5 17. Rhe1 Rd6 18. Re5 b6 {
and Black went on to win this much better ending. Remaining moves unavailable.}
0-1

[Event "Mechanics' Leighton Allen TNM; G/2"]
[Site "San Francisco"]
[Date "2015.09.08"]
[Round "6.14"]
[White "Reyes, Robert"]
[Black "Andries, Craig"]
[Result "0-1"]
[WhiteElo "1651"]
[BlackElo "1863"]
[PlyCount "54"]
[EventDate "2015.??.??"]

1. e4 d6 2. d4 g6 3. Nf3 Bg7 4. Bf4 c6 5. Nc3 Bg4 6. Be2 Qb6 7. Na4 Qa5+ 8. c3
$4 b5 9. b4 Qxa4 10. Qxa4 bxa4 11. Bd1 Nf6 12. O-O O-O 13. Re1 Bxf3 14. Bxf3
Nbd7 15. e5 dxe5 16. dxe5 Nd5 17. Bg3 e6 18. Rad1 Rac8 19. c4 N5b6 20. c5 Nd5
21. a3 a5 22. Bxd5 cxd5 23. Re3 axb4 24. axb4 Rb8 25. Rd4 Nxc5 26. f3 Nb3 27.
Rf4 Bh6 0-1

[Event "Mechanics' Winter TNM; 30/90, SD/30"]
[Site "San Francisco"]
[Date "2015.02.03"]
[Round "5.17"]
[White "Reyes, Robert"]
[Black "Khristofurov, Sergey"]
[Result "0-1"]
[WhiteElo "1691"]
[BlackElo "1977"]
[PlyCount "58"]
[EventDate "2015.??.??"]

1. e4 c6 2. d4 d5 3. e5 Bf5 4. Nf3 e6 5. Bd3 Bxd3 6. Qxd3 Nd7 7. O-O c5 8. Nc3
cxd4 9. Qxd4 Ne7 10. Bg5 Nc6 11. Bxd8 Nxd4 12. Nxd4 Rxd8 13. Rfe1 a6 14. Rad1
Bb4 15. a3 Ba5 16. b4 Bc7 17. f4 Rc8 18. Re3 Bb6 19. Kf1 Rc4 20. Nce2 Ke7 21.
c3 Rhc8 22. Rf3 Ba7 23. f5 Nxe5 24. Rg3 g6 25. fxe6 fxe6 26. Re3 Rf8+ 27. Ke1
Kd6 28. Rc1 Rf6 29. h3 Nc6 0-1

[Event "Mechanics' Leighton Allen TNM; G/2"]
[Site "San Francisco"]
[Date "2015.08.18"]
[Round "3.9"]
[White "Reyes, Robert"]
[Black "Klinetobe, David"]
[Result "0-1"]
[WhiteElo "1651"]
[BlackElo "2000"]
[PlyCount "86"]
[EventDate "2015.??.??"]

1. e4 e6 2. d4 d5 3. Nc3 Bb4 4. e5 c5 5. Bb5+ Bd7 6. Bxd7+ Qxd7 7. Nge2 Nc6 8.
Be3 Nge7 9. O-O Nf5 10. Qd2 cxd4 11. Nxd4 Nxe3 12. Qxe3 Nxd4 13. Qxd4 Bxc3 14.
Qxc3 O-O 15. Rad1 Rac8 16. Qd3 Qc7 17. c3 Qxe5 18. Rfe1 Qc7 19. Re3 Qc4 20.
Qxc4 Rxc4 21. Kf1 Rfc8 22. Ke2 g6 23. Rdd3 Ra4 24. a3 Kg7 25. g3 g5 26. f3 Kf6
27. g4 Rd8 28. Rd4 Rxd4 29. cxd4 Rc8 30. Rc3 Rxc3 31. bxc3 b5 32. Ke3 e5 33. h3
Ke6 34. Ke2 Kd6 35. Kd3 f6 36. Ke3 Kc6 37. Kd3 Kb6 38. Kc2 Ka5 39. Kb3 exd4 40.
cxd4 h6 41. Ka2 Ka4 42. Kb2 b4 43. axb4 Kxb4 0-1

[Event "Mechanics' Spring TNM; G/2"]
[Site "San Francisco"]
[Date "2015.04.07"]
[Round "4.44"]
[White "Reyes, Robert"]
[Black "Olson, David"]
[Result "1-0"]
[WhiteElo "1681"]
[BlackElo "1426"]
[PlyCount "73"]
[EventDate "2015.??.??"]

1. e4 e5 2. Nf3 Nc6 3. d4 d6 4. dxe5 dxe5 5. Qxd8+ Kxd8 6. Bb5 Bd6 7. Bxc6 bxc6
8. Be3 Ba6 9. Nc3 Nf6 10. Rd1 Ke7 11. a3 h6 12. b4 Bc4 13. Nd2 Ba6 14. Na4 Nd7
15. c4 Kf6 16. O-O Nb6 17. Nxb6 cxb6 18. Rfe1 g5 19. Nf3 Rhd8 20. h4 g4 21. Nh2
Bxc4 22. Nxg4+ Kg6 23. Nxh6 Bf8 24. Nf5 c5 25. Rc1 Bd3 26. bxc5 bxc5 27. Bxc5
Rdc8 28. Bxf8 Rxf8 29. Rc3 Bxe4 30. Ng3 Bf5 31. Rxe5 Be6 32. Rg5+ Kh7 33. Rcc5
Rfc8 34. Rce5 Rc3 35. Rh5+ Kg8 36. Reg5+ Kf8 37. Rh8+ 1-0

[Event "Mechanics' Leighton Allen TNM; G/2"]
[Site "San Francisco"]
[Date "2015.09.22"]
[Round "8.20"]
[White "Reyes, Robert"]
[Black "Paquette, James"]
[Result "0-1"]
[WhiteElo "1651"]
[BlackElo "1471"]
[Annotator "Donaldson"]
[PlyCount "46"]
[EventDate "2015.??.??"]

1. e4 g6 2. d4 Bg7 3. Nf3 c5 4. Be3 Qa5+ 5. Nc3 Nc6 6. Bc4 Nf6 7. O-O d6 (7...
cxd4) 8. Re1 O-O 9. a3 Ng4 10. e5 cxd4 11. Bxd4 dxe5 12. b4 Qd8 13. Bc5 Qxd1
14. Raxd1 Bf5 15. Nd5 Bxc2 16. Rd2 Bf5 17. Bxe7 Rfe8 18. Nc7 Nxe7 19. Nxe8 Rxe8
20. Ng5 Nh6 21. Red1 Nc6 22. b5 Nd4 23. Re1 Rc8 0-1

[Event "Mechanics' Spring TNM; G/2"]
[Site "San Francisco"]
[Date "2015.03.31"]
[Round "3.33"]
[White "Reyes, Robert"]
[Black "Robertson, Guy"]
[Result "0-1"]
[WhiteElo "1681"]
[BlackElo "1437"]
[PlyCount "54"]
[EventDate "2015.??.??"]

1. e4 c5 2. c3 d6 3. Nf3 Nf6 4. Qc2 Nc6 5. Bc4 e6 6. O-O Be7 7. d4 cxd4 8. cxd4
O-O 9. Bd2 d5 10. exd5 exd5 11. Bd3 h6 12. a3 Bg4 13. Ne5 Nxd4 14. Qc3 Ne6 15.
Nxg4 Nxg4 16. Bf5 Nf6 17. Re1 Rc8 18. Qd3 Nc5 19. Qd4 Rc7 20. Nc3 Nb3 21. Qd3
Nxa1 22. Rxa1 a6 23. Re1 Bc5 24. Na4 Ba7 25. Nc3 Rc4 26. b3 Rc6 27. Qg3 Bb8 {
and Black won some moves later.} 0-1

[Event "Mechanics' Winter TNM; 30/90, SD/30"]
[Site "San Francisco"]
[Date "2015.01.20"]
[Round "3.27"]
[White "Reyes, Robert"]
[Black "Sachs-Weintraub, Julian"]
[Result "1-0"]
[WhiteElo "1691"]
[BlackElo "1141"]
[Annotator "Donaldson"]
[PlyCount "55"]
[EventDate "2015.??.??"]

1. e4 c5 2. c3 Nf6 3. e5 Nd5 4. d4 cxd4 5. cxd4 d6 6. Nf3 Bg4 7. Qb3 Nb6 8.
Bb5+ N8d7 9. O-O Be6 $2 (9... e6) 10. Qe3 a6 11. Bxd7+ Nxd7 12. Nc3 dxe5 13.
Nxe5 Nxe5 14. Qxe5 Qd6 15. Qxd6 exd6 16. Re1 Be7 17. d5 Bf5 18. Bf4 Rd8 (18...
Kd7) 19. Ne4 Bxe4 20. Rxe4 Rd7 21. Rc1 (21. Bxd6 $1 Rxd6 22. Rae1 Rd7 23. d6
$18) 21... O-O 22. Rce1 (22. Rxe7 Rxe7 23. Bxd6 Re2 24. Bxf8 Kxf8 25. Kf1 Rxb2
26. d6 Ke8 $11) 22... Re8 $4 (22... Bf6) 23. Bxd6 Kf8 $2 (23... Rxd6 24. Rxe7
Rxe7 25. Rxe7 $16) 24. Ba3 f5 25. Re5 Kf7 26. d6 Bxd6 27. Rxe8 Bc5 28. Bxc5 1-0

[Event "Mechanics' Spring TNM; G/2"]
[Site "San Francisco"]
[Date "2015.04.21"]
[Round "6.28"]
[White "Reyes, Robert"]
[Black "Tokatyan, Shant"]
[Result "1-0"]
[WhiteElo "1681"]
[BlackElo "1109"]
[PlyCount "65"]
[EventDate "2015.??.??"]

1. e4 e6 2. d4 d5 3. e5 c5 4. c3 Qb6 5. Nf3 Nc6 6. Be2 cxd4 7. cxd4 Nh6 8. Nc3
Nf5 9. Bb5 Bd7 10. Bxc6 bxc6 11. O-O c5 12. dxc5 Qxc5 13. Re1 Be7 14. Be3 Nxe3
15. Rxe3 O-O 16. Rc1 Rfc8 17. h3 Bb5 18. Re1 Ba6 19. Qa4 Qb6 20. Rc2 Rc4 21.
Qb3 Qxb3 22. axb3 Rc7 23. Rd1 Rac8 24. Ne1 Rb7 25. Ra1 Rc6 26. Nf3 Bd3 27. Rd2
Ra6 28. Rc1 Bg6 29. Na4 Rxb3 30. Rc8+ Bf8 31. Nc5 Ra1+ 32. Kh2 Rc1 33. Nd4 {...
} 1-0

[Event "Mechanics' Fall TNM; G/2"]
[Site "San Francisco"]
[Date "2015.12.08"]
[Round "8.21"]
[White "Robeal, Rafik"]
[Black "Boldi, Ethan Vaugh"]
[Result "1-0"]
[WhiteElo "1724"]
[BlackElo "1458"]
[PlyCount "31"]
[EventDate "2015.??.??"]

1. d4 d5 2. c4 Nc6 3. Nc3 e5 4. dxe5 d4 5. Nd5 Be6 6. e4 dxe3 7. Bxe3 Nxe5 8.
Nf3 Nc6 9. a3 Bd6 10. Be2 Nge7 11. Nf4 Bf5 12. O-O Ng6 13. Nh5 O-O 14. Qb3 Nce5
15. Nd4 Bg4 16. Ng3 {Remaining moves unavailable.} 1-0

[Event "Mechanics' Fall TNM; G/2"]
[Site "San Francisco"]
[Date "2015.11.03"]
[Round "3.24"]
[White "Robeal, Rafik"]
[Black "Sachs-Weintraub, J."]
[Result "0-1"]
[WhiteElo "1724"]
[BlackElo "1321"]
[Annotator "Donaldson"]
[PlyCount "96"]
[EventDate "2015.??.??"]

1. c4 e5 2. g3 Nf6 3. Bg2 c6 4. Nc3 d5 5. cxd5 cxd5 6. d3 (6. Qb3 {
wins a pawn but Black gets excellent play after} Nc6 7. Nxd5 Nd4) 6... Nc6 7.
a3 h6 8. Nf3 d4 9. Nb1 Be6 10. O-O Bd6 11. Nbd2 O-O 12. Nc4 a5 13. Qa4 Rb8 14.
Nxd6 Qxd6 15. Nd2 b5 16. Qd1 a4 17. b3 axb3 18. Nxb3 Bd5 19. Bh3 b4 20. e3 (20.
axb4 Nxb4 21. Ba3 {looks to be a more solid try to hold.}) 20... dxe3 21. Bxe3
Bxb3 $2 (21... Rfd8 {looks more consistent bringing Black's last piece into
play and increasing the pressure.}) 22. Qxb3 bxa3 23. Qc3 ({The immediate} 23.
Qxa3 $11 {was also possible.}) 23... Nd4 24. Qxa3 Qd5 25. Bg2 Qd7 26. Qa6 Rfe8
27. Rfb1 Rxb1+ 28. Rxb1 Qf5 29. Rb7 $2 (29. Bxd4 exd4 30. Qc4 {
with a draw almost a certain result. The text overeaches.}) 29... Ng4 $1 30.
Be4 Qh5 31. h4 Nxe3 32. fxe3 Qd1+ 33. Kg2 Qe2+ 34. Kh3 Qxe3 $2 {Chess can be a
hard game! Black has played a great game and understandibly wants to win a
pawn after all his hard work, but patience was called for. After} (34... Nf3 $1
{White would be forced to trade minor pieces and his position would soon
collapse. Instead White gets an unexpected opportunity.}) 35. Qa7 $1 Qf2 {
Diagram #} 36. Bd5 $2 (36. Bh7+ $1 {a tactic worth remembering.} Kxh7 (36...
Kh8 37. Rxf7 Qg1 38. Be4 Ne2 39. Qxg1 Nxg1+ 40. Kg4 Ne2 {
is better for White but should also be drawn.}) 37. Rxf7 Qxf7 {(forced)} 38.
Qxf7 Re6 {
and Black's fortress looks like it should hold, but only White has chances.})
36... Qf5+ $2 (36... Qf1+ $1 {should win:} 37. Kh2 ({or} 37. Bg2 Qf5+ 38. Kh2
Qf2) 37... Nf3+) 37. Kg2 Rf8 38. Be4 Qg4 39. Qa2 $4 (39. Rb8 {to meet} Ne2 $4 {
with} (39... Ne6 40. Rxf8+ Nxf8 {and Black has chances to convert his material
advantage although White is very active at the moment.}) 40. Rxf8+ Kxf8 41.
Qb8+) 39... Ne2 $1 40. Kf2 Nxg3 ({Or} 40... Qxg3+ 41. Kxe2 Qh2+) 41. Bd5 Qf4+
42. Kg2 Nh5 43. Qe2 Qxh4 44. Rxf7 Rxf7 45. Bxf7+ Kxf7 46. Qf3+ Nf4+ 47. Kg1
Qe1+ 48. Kh2 Qe2+ 0-1

[Event "Mechanics' Fall TNM; G/2"]
[Site "San Francisco"]
[Date "2015.10.27"]
[Round "2.27"]
[White "Robeal, Rafik"]
[Black "Simpkins, Jerry"]
[Result "1-0"]
[WhiteElo "1724"]
[BlackElo "1547"]
[PlyCount "83"]
[EventDate "2015.??.??"]

1. e4 e5 2. Nf3 Nc6 3. Bb5 Bc5 4. c3 Nf6 5. Qe2 d6 6. d4 exd4 7. cxd4 Bb4+ 8.
Bd2 Bxd2+ 9. Nbxd2 O-O 10. O-O Bg4 11. Qd3 Ne7 12. h3 Bd7 13. Rfe1 Ng6 14. e5
dxe5 15. dxe5 Nf4 16. Qf1 N6h5 17. Bxd7 Qxd7 18. g4 Nd3 19. gxh5 Nxe1 20. Rxe1
Qf5 21. Qg2 Qxh5 22. Re4 f5 23. Rb4 b6 24. Rd4 Rae8 25. Rd7 Rf7 26. Rd4 Rfe7
27. Nc4 Re6 28. Rh4 Qf7 29. Ng5 Qe7 30. Nxe6 Qxe6 31. Qg5 b5 32. Ne3 Qxe5 33.
Qh5 h6 34. Qxf5 Qxb2 35. Qd5+ Kh8 36. Qf7 Qe5 37. Ng4 Qe1+ 38. Kh2 Re7 39. Qf8+
Kh7 40. Nf6+ Kg6 41. Rg4+ Kf5 42. Nd5+ 1-0

[Event "Mechanics' Fall TNM; G/2"]
[Site "San Francisco"]
[Date "2015.12.01"]
[Round "7.31"]
[White "Robeal, Rafik"]
[Black "Smith, David A"]
[Result "1-0"]
[WhiteElo "1724"]
[BlackElo "1449"]
[PlyCount "79"]
[EventDate "2015.??.??"]

1. d4 Nf6 2. c4 e6 3. Nc3 d5 4. Bg5 Be7 5. e3 c6 6. Bd3 Nbd7 7. Nge2 O-O 8. O-O
Qc7 9. c5 e5 10. f3 Re8 11. Qd2 Nf8 12. dxe5 Qxe5 13. Bf4 Qe6 14. Nd4 Qd7 15.
b4 Nh5 16. Nce2 Ng6 17. Bg3 Nxg3 18. hxg3 Ne5 19. Bc2 g6 20. e4 Bf6 21. Rad1
Qd8 22. f4 Nc4 23. Qc3 Be6 24. e5 Bg7 25. Bb3 Qe7 26. Nxe6 Qxe6 27. Kf2 f6 28.
Nd4 Qe7 29. Bxc4 dxc4 30. Qxc4+ Kh8 31. e6 f5 32. Rfe1 Qf6 33. Nf3 Re7 34. Rd7
Rae8 35. Rxe7 Qxe7 36. Ng5 h6 37. Nf7+ Kh7 38. Nd6 Rf8 39. a4 Rf6 40. Nc8 1-0

[Event "Mechanics' Leighton Allen TNM; G/2"]
[Site "San Francisco"]
[Date "2015.09.22"]
[Round "8.29"]
[White "Robertson, Guy"]
[Black "Casares Jr, Nick"]
[Result "0-1"]
[WhiteElo "1486"]
[BlackElo "1600"]
[PlyCount "38"]
[EventDate "2015.??.??"]

1. Nf3 d5 2. g3 Nc6 3. d3 e5 4. Nbd2 Nf6 5. e4 Bg4 6. Bg2 Bc5 7. O-O O-O 8. h3
Bh5 9. a4 a5 10. c3 Qd7 11. g4 Nxg4 12. hxg4 Bxg4 13. exd5 Qxd5 14. Nc4 Qd7 15.
Be3 Bd6 16. Nxd6 Qxd6 17. Qc2 f5 18. Nh2 f4 19. f3 Bf5 {Black went on to win
this complicated position. Remaining moves are unavailable.} 0-1

[Event "Mechanics' Winter TNM; 30/90, SD/30"]
[Site "San Francisco"]
[Date "2015.01.27"]
[Round "4.37"]
[White "Robertson, Guy"]
[Black "Donnelly, Patrick"]
[Result "1-0"]
[WhiteElo "1477"]
[BlackElo "1659"]
[PlyCount "103"]
[EventDate "2015.??.??"]

1. Nf3 Nf6 2. g3 d5 3. d3 c5 4. Nbd2 Nc6 5. Bg2 e5 6. e4 Be6 7. O-O Bd6 8. Re1
O-O 9. a4 Qd7 10. Ng5 h6 11. Nxe6 fxe6 12. h3 Qf7 13. c3 Nh7 14. Qe2 a6 15. Nf3
b5 16. axb5 axb5 17. Rxa8 Rxa8 18. h4 Nf6 19. Nh2 c4 20. Rf1 Bc5 21. dxc4 bxc4
22. exd5 exd5 23. Ng4 e4 24. Bxh6 Nxg4 25. Qxg4 Ne5 26. Qf4 Nd3 27. Qxf7+ Kxf7
28. Be3 Ke6 29. Bxc5 Nxc5 30. Rb1 Nd3 31. b3 cxb3 32. Rxb3 Rf8 33. Rb6+ Ke7 34.
Rb7+ Kf6 35. g4 Rc8 36. g5+ Kg6 37. Rd7 Nf4 38. Bf1 Rxc3 39. Bb5 Rc1+ 40. Kh2
Rc2 41. Kg3 Rc5 42. Rd6+ Kf7 43. Kxf4 Rxb5 44. h5 Ke7 45. Ra6 Rb2 46. Ke3 Rb3+
47. Kd4 Rf3 48. Kxd5 Rxf2 49. Kxe4 Kf7 50. g6+ Ke7 51. Ra7+ Kf6 52. Rf7+ 1-0

[Event "Mechanics' Spring TNM; G/2"]
[Site "San Francisco"]
[Date "2015.04.28"]
[Round "7.34"]
[White "Robertson, Guy"]
[Black "Dupree, Charles"]
[Result "0-1"]
[WhiteElo "1437"]
[BlackElo "1625"]
[PlyCount "76"]
[EventDate "2015.??.??"]

1. d4 Nf6 2. c4 e6 3. Nc3 Bb4 4. Qc2 b6 5. a3 Bxc3+ 6. bxc3 Bb7 7. Nf3 O-O 8.
Bg5 Be4 9. Qd1 d6 10. e3 Nbd7 11. Nd2 Bb7 12. f3 Qe7 13. Bd3 Rfe8 14. e4 e5 15.
d5 Qf8 16. O-O g6 17. Nb3 Nh5 18. Qd2 Ng7 19. Bh6 Qe7 20. Rae1 f6 21. g4 g5 22.
h4 gxh4 23. g5 Nh5 24. gxf6 Qxf6 25. Qg2+ Qg6 26. Qxg6+ hxg6 27. Kh2 Kh7 28.
Bg5 Rh8 29. f4 exf4 30. Bxf4 Nxf4 31. Rxf4 Ne5 32. Rxh4+ Kg7 33. Rxh8 Rxh8+ 34.
Kg3 Nxd3 35. Re3 Ne5 36. Nd4 Bc8 37. Nb5 Rh3+ 38. Kf4 g5+ 0-1

[Event "Mechanics' Winter TNM; 30/90, SD/30"]
[Site "San Francisco"]
[Date "2015.02.17"]
[Round "7.44"]
[White "Robertson, Guy"]
[Black "Henriques, Keith"]
[Result "1-0"]
[WhiteElo "1477"]
[BlackElo "145"]
[PlyCount "63"]
[EventDate "2015.??.??"]

1. Nf3 d5 2. g3 c6 3. Bg2 Nd7 4. d4 e6 5. Nbd2 Bd6 6. O-O Ne7 7. e4 O-O 8. e5
Bc7 9. c4 dxc4 10. Nxc4 Nb6 11. b3 Nxc4 12. bxc4 Nf5 13. Bb2 f6 14. Qe2 Qe7 15.
exf6 gxf6 16. a4 h6 17. Rfe1 Re8 18. Qc2 e5 19. dxe5 fxe5 20. h4 b6 21. Nd2 Qf6
22. Ne4 Qe7 23. Ba3 Bd6 24. Nxd6 Nxd6 25. Rad1 Rd8 26. Qg6+ Kf8 27. Qxh6+ Ke8
28. Bxd6 Rxd6 29. Rxd6 Qc7 30. Rxe5+ Kf7 31. Qh7+ Kf8 32. Rf6+ 1-0

[Event "Mechanics' Spring TNM; G/2"]
[Site "San Francisco"]
[Date "2015.04.07"]
[Round "4.26"]
[White "Robertson, Guy"]
[Black "Marcus, Joel"]
[Result "0-1"]
[WhiteElo "1437"]
[BlackElo "1820"]
[PlyCount "83"]
[EventDate "2015.??.??"]

1. Nf3 Nf6 2. d3 d5 3. Nbd2 c6 4. g3 Bf5 5. Bg2 e6 6. O-O Bc5 7. c3 h6 8. b4
Bb6 9. a4 Nbd7 10. a5 Bc7 11. Re1 O-O 12. e4 Bg4 13. h3 Bh5 14. g4 Bg6 15. e5
Nh7 16. d4 Ng5 17. Nxg5 Qxg5 18. Ne4 Qd8 19. Ng3 b6 20. a6 b5 21. f4 f5 22. g5
hxg5 23. fxg5 f4 24. Qg4 fxg3 25. Qxe6+ Kh7 26. Qxc6 Nb6 27. Qxb5 Qc8 28. Be3
Qf5 29. Rf1 Qc2 30. Rac1 Qb2 31. Qc6 Nc4 32. Bf4 Rxf4 33. Rxf4 Qxc1+ 34. Rf1
Qe3+ 35. Kh1 Rc8 36. Qxd5 Nd2 37. Rg1 Rf8 38. e6 Be4 39. Bxe4+ Nxe4 40. g6+ Kh6
41. e7 Qf3+ 42. Rg2 0-1